01013cam a2200301 4500952015100000999001700151001000800168003000900176005001700185008004100202010001700243015001400260020001500274040002800289043001200317050002300329082001900352100002000371245008000391260004200471300005700513350000900570504003000579650002600609650001900635906004500654942001200699 00102ddc40708NFICaASLbASLcGENd2021-02-11eASB Library Collectionsl0o954.9603 CALp105641r2021-02-11 00:00:00tC-1w2021-02-11yBKzRARE c21719d217191300357BDDh-ASL20231015030031.0700918s1970 enkabj b 001 0 eng  a 76503684  aB70-08029 a0710066430 aDLCcDLCdDLCdBDDh-ASL aa-np---00aDS485.N4bC3 1970b00a954.9603bCAL 1 aCaplan, Lionel.10aLand and social change in East Nepal:ba study of Hindu-tribal relations /  aLondon :bRoutledge & K. Paul,c1970. axvi, 224 p. :billus., geneal. tables, maps.c23 cm. a50/- aBibliography: p. 209-213. 0aLimbus (Asian people) 0aHinduszNepal. a7bcbccorignewd3encipf19gy-gencatlg 2ddccBK